LEADER 01710nam a2200337 a 4500 001 000000123012 003 CaOOAMICUS 005 20100916151508.0 008 100916s2010 vc f u000 u fre r 020 $a978-88-209-8408-3 040 $aPUL$bita$dReb 041 0 $afre$aita 082 04$a264 111 2 $aConferences Saint-Sege :$pSemaine d'Etudes Liturgiques :$n(55 :$dParigi :$c2008).$0(OLS)http://pul/name/79846 245 10$aRites de communion :$bconférences Saint-Serge LV Semaine d'Etudes Liturgiques, Paris, 23-26 juin 2008 /$cAndré Lossky, Manlio Sodi (Editeurs) 260 $aCittŕ del Vaticano :$bLibreria editrice vaticana,$c©2010. 300 $axv, 324 p. ;$c24 cm 490 1 $aMonumenta studia instrumenta liturgica ;$v59 504 $aInclude rifermenti bibliografici ed indici. 546 $aTesto in francese con presentazione in italiano. 650 4$aLiturgia$xCongressi.$0(OLS)http://pul/subject/6493 700 1 $aSodi, Manlio,$cS.D.B.,$d1944-$0(OLS)http://pul/name/32025 700 1 $aLossky, André.$0(OLS)http://pul/name/77350 830 0$aMonumenta studia instrumenta liturgica ;$v59.$0(OLS)http://pul/title/67037 850 $aPUL 852 $aPUL$W1$xSL Religione 3$y85$m264 LOSAN 1$j141288$qDDC 21$B140352$CPULBib$Z2$F140352 $H114576 $82 941 1 $a9 996 $6020$a978-88-209-8408-3$9(OLS)http://pul/number/145375 996 $6082$a264$9(OLS)http://pul/classification/492 996 $6245$aRites de communion :$bconférences Saint-Serge LV Semaine d'Etudes Liturgiques, Paris, 23-26 juin 2008$9(OLS)http://pul/title/155039 996 $6260$aCittŕ del Vaticano :$bLibreria editrice vaticana$9(OLS)http://pul/publisher/47920 LEADER 02019namaa2200421 i 4500 001 000000178497 003 CaOOAMICUS 005 20260216103334.0 007 tu 008 260216s2025 it 000 u ita r 020 $a979-12-5482-482-5* 040 $aPUL$bita$erda 082 0 $a262.94 245 00$aDiritto penale e proporzionalitŕ della pena :$bfra diritto civile, diritto canonico e diritto vaticano : atti della Giornata di studio, Sanremo, 1 giugno 2024 /$c a cura di Giovanni Parise ; [prefazione di S.E.R. Card. Péter Erdö]. 250 $aPrima edizione 2025 264 4$c©2025. 264 1$c[2025] 300 $a111 pagine ;$c24 cm 336 $atesto$btxt$2rdacontent 337 $asenza mediazione$bn$2rdamedia 338 $avolume$bnc$2rdacarrier 490 1 $aAnalecta Sancti Romuli ;$v3 500 $aAutore della prefazione dalla copertina. 504 $aBibliografia in nota a pič pagina. 650 4$aDiritto canonico penale.$0(OLS)http://pul/subject/999 700 1 $aParise, Giovanni,$d1986-,$ecuratore.$0(OLS)http://pul/name/95906 700 1 $aErdö, Péter,$ccardinale,$d1952-,$eautore di introduzione.$0(OLS)http://pul/name/10946 830 0$aAnalecta Sancti Romuli. (Istituto Teologico Pio XI Sanremo) ;$v3.$0(OLS)http://pul/title/220092 850 $aPUL 852 $aPUL$W1$xSL Diritto Canonico 3$y77$m262. 94 PARGI 1$j202318$qDDC 21$B207620$CPULBib$Z2$F207620 $H138444 $82 941 1 $a9 960 $aDiritto penale canonico$9999 996 $6020$a979-12-5482-482-5*$9(OLS)http://pul/number/170868 996 $6082$a262.94$9(OLS)http://pul/classification/422 996 $6245$aDiritto penale e proporzionalitŕ della pena :$bfra diritto civile, diritto canonico e diritto vaticano : atti della Giornata di studio, Sanremo, 1 giugno 2024$9(OLS)http://pul/title/220091 996 $6264$a[S.l.] :$b[s.n.]$9(OLS)http://pul/publisher/0 996 $6264$a[S.l.] :$b[s.n.]$9(OLS)http://pul/publisher/0